000 01157nam a2200253 a 4500
001 000039372
005 20201002031622.0
008 130625s1983 sp 001 0 spa d
040 _aDO-SdBNP
_bspa
_cBNPHU
111 2 _aCongreso de la IOMS
_n(10:
_d1992 :19-20 julio
_cParís)
_965571
245 1 0 _aEstudios masoréticos :
_bV Congreso de la IOMS /
_ceditados por Emilia Fernández Tejero, María Teresa Ortega Monasterio.
260 _aMadrid :
_bConsejo Superior de Investigación Científicas,
_c1983.
300 _a250 p. ;
_c28 cm.
490 1 _aTextos y estudios "Cardenal Cisneros de la biblia polígota matritense
_v55
500 _aEn memoria de Harry M. Orlynsky
500 _aIncluye ídice
504 _aIncluye referencias biblográficas y notas al pie de las páginas
546 _aInglés, francés y español
700 1 _aOrlinsky, Harry Meyer,
_d1908-
_965572
700 1 _aFernández Tejero, Emilia.
_eed.
_965573
700 1 _aOrtega Monasterio, María Teresa
_965574
710 2 _aConsejo Superior de Investigación Científicas,
_963831
830 0 _aTextos y estudios "Cardenal Cisneros de la biblia polígota matritense
_v55
_965575
999 _c38862
_d38862